Biología 4 : integración, continuidad y evolución en los seres vivos /
Guardado en:
| Autor Principal: | |
|---|---|
| Otros Autores: | |
| Formato: | Libro |
| Publicado: |
Buenos Aires :
Kapelusz,
1995
|
| Series: | Serie Arquetipo
|
| Materias: | |
| Etiquetas: |
Agregar Etiqueta
Sin Etiquetas, Sea el primero en etiquetar este registro!
|
| LEADER | 01357nam a22002655a 4500 | ||
|---|---|---|---|
| 001 | CEM.cems009451 | ||
| 008 | 130507s1995##################000#0#####d | ||
| 005 | 20240806091245.0 | ||
| 245 | 1 | 0 | |a Biología 4 : |b integración, continuidad y evolución en los seres vivos / |c Adrián R. González, Susana M. Rivas |
| 260 | |a Buenos Aires : |b Kapelusz, |c 1995 | ||
| 300 | |a 218 p. | ||
| 490 | 0 | |a Serie Arquetipo | |
| 500 | |a Para cuarto año de bachillerato | ||
| 505 | 0 | |a Estructura y funciones del organismo humano -- Aparato locomotor -- Coordinación y regulación de funciones -- Sistema nervioso -- Organos de los sentidos -- Sistema endocrino -- Comportamiento y homeostasis -- Continuidad genética de la vida y su evolución -- Herencia y genética -- Historia de la vida y el hombre -- El hombre y el medio -- El hombre y el equilibrio biológico | |
| 020 | |a 9501320162 | ||
| 100 | 1 | |a González, Adrián R. | |
| 700 | 1 | |a Rivas, Susana M. | |
| 082 | 0 | 4 | |a 574 |
| 653 | |a Biología | ||
| 653 | |a Anatomía humana | ||
| 653 | |a Biología-polimodal | ||
| 859 | |a CEMS |b BIB. CEMS - 11 de abril |h 574 |i G589 |p 19137.97 |t Ej.1 |v IV |3 IV | ||
| 859 | |a CEMS |b BIB. CEMS - Agricultura |h 574 |i G589 |p A17481.93 |t Ej.1 |v IV |3 IV | ||
| 859 | |a CEMS |b BIB. CEMS - Agricultura |h 574 |i G589 |p A19138.97 |t Ej.2 |v IV |3 IV | ||
| 859 | |a CEMS |b BIB. CEMS - 11 de abril |h 574 |i G589 |p 19139.97 |t Ej.3 |v IV |3 IV | ||
